000 01014nas a2200349 4500
001 BR2011005870
003 BR-BrBNA
005 20231205115134.0
007 ta
008 230509b bl.|||p| |||| 00| 00por d
040 _aBR-BrBNA
_bpor
_cBiblioteca Nacional de Agricultura
041 _a(Pt)
072 _aH20; F03
100 1 _aMacedo, C.M.
100 1 _aLopes, J.C.
100 1 _aJesus Junior, W.C. de
100 1 _aFonseca, A.F. de A.
100 1 _aSilva, C.M. da
100 1 _aSilva, L.G. da
245 1 _aIncidência de fungos e controle químico em sementes de café robusta
650 _aCAFÉ ROBUSTA
650 _aSEMENTE
650 _aFUNGO
650 _aDOENÇA DE PLANTA
650 _aMICROORGANISMO
650 _aCONTROLE QUÍMICO
650 _aFUNGICIDA
650 _aARMAZENAMENTO
773 0 _tRevista Brasileira de Armazenamento (Brazil)
_xISSN 0100-3518
_g(2010), v. 35(1) p. 29-36
_wBR2011005870
909 _a202311
_bLúcia
_c55
_dLúcia Elande
942 _2AGRIS
_n0
_cANA
999 _c212268
_d212268